The complete works of William Shakespeare: arranged in their chronological order
Gespeichert in:
| 1. Verfasser: | |
|---|---|
| Format: | Buch |
| Sprache: | Englisch |
| Veröffentlicht: |
Nueva York
Nelson Doubleday
1950
|
| Schlagworte: | |
| Tags: |
Tag hinzufügen
Keine Tags, Fügen Sie den ersten Tag hinzu!
|
MARC
| LEADER | 00000nam a2200000 a 4500 | ||
|---|---|---|---|
| 001 | UCR9830 | ||
| 003 | CL-VaPUC | ||
| 008 | 980619e19500000US |||||||||||||||||eng|d | ||
| 082 | 0 | 4 | |a 822 |b SHA |2 21 |
| 100 | |a Shakespeare, William |e author |9 265757 | ||
| 245 | 1 | 4 | |a The complete works of William Shakespeare: arranged in their chronological order |
| 300 | |a v | ||
| 942 | |c BK | ||
| 945 | |d 19980619 00:00:00 |a cmena | ||
| 260 | |a Nueva York |b Nelson Doubleday |c 1950 | ||
| 600 | 0 | |a Shakespeare, William |9 265757 | |
| 650 | 0 | |a Dramas ingleses |9 269396 | |
| 650 | 0 | |a Poesías inglesas |9 265094 | |
| 650 | 0 | |a Crítica e interpretación |9 255042 | |
| 583 | |a last modification |c 19980619 00:00:00 |k Rodrigo Vera | ||
| 999 | |c 271006 |d 271004 | ||
| 952 | |0 0 |1 0 |4 0 |6 822_000000000000000_SHA_1950 |7 0 |8 A |9 305488 |a BIBEDU |b BIBEDU |d 2019-11-20 |h v.1 |i 1422057 |l 1 |m 2 |o 822 SHA 1950 |p 1422057 |r 2024-10-03 |s 2024-09-09 |w 2019-11-20 |y BK |k LIT | ||
| 952 | |0 0 |1 0 |4 0 |6 822_000000000000000_SHA_1950 |7 0 |8 A |9 305489 |a BIBEDU |b BIBEDU |d 2019-11-20 |h v.2 |i 1438530 |o 822 SHA 1950 |p 1438530 |r 2019-11-20 |w 2019-11-20 |y BK |k LIT | ||